| 000 | 00617nam a2200241Ia 4500 | ||
|---|---|---|---|
| 003 | OSt | ||
| 005 | 20220928141507.0 | ||
| 006 | a|||||r|||| 00| 0 | ||
| 007 | ta | ||
| 008 | 220927b |||||||| |||| 00| 0 eng d | ||
| 024 | _a15542 | ||
| 037 | _cTextual | ||
| 040 |
_aSDCL _cSDCL _beng |
||
| 041 |
_2eng _aeng |
||
| 082 | _aX:8:(S:44), M4 | ||
| 100 |
_aSteers Richard M _9462695 |
||
| 245 | 0 | _aOrganizational behavior | |
| 250 | _a5 | ||
| 260 | _c1984 | ||
| 700 |
_a Black J Stewart _9423181 |
||
| 942 |
_hX:8:(S:44), M4 _cTEXL _2CC |
||
| 999 |
_c817939 _d817939 |
||